00797nam a2200241 i 450000500170000000800410001702000150005804000350007304100080010810000310011624500400014725000230018726400400021030000390025033600270028933700330031633800280034965000550037765000550043265000330048765000240052008400110054420220316235220.0121119s2002 ck a gs 000 j spa d a9582400021 aCO-BoRNBPbspacCO-BoRNBPerda0 aspa1 aTashlin, Frank,d1913-197213aEl oso que no lo eracFrank Tashlin aPrimera edición  1aBogotábEdiciones Alfaguarac2002 a56 páginasbilustracionesc21 cm atextobtxt2rdacontent asin mediaciónbn2rdamedia avolumenbnc2rdacarrier14aCuentos infantiles estadounidensesySiglo XX2LEMB14aLiteratura infantil estadounidenseySiglo XX2LEMB14aHibernaciónvCuentos2LEMB14aOsosvCuentos2LEMB aC TAS1